| 000 | 01067nam a2200265Ia 4500 | ||
|---|---|---|---|
| 003 | OSt | ||
| 005 | 20221005105049.0 | ||
| 006 | a|||||r|||| 00| 0 | ||
| 007 | ta | ||
| 008 | 221004b |||||||| |||| 00| 0 hin d | ||
| 020 |
_a9789380172194 (hbk) _cINR 100.00 |
||
| 024 | _a37854 | ||
| 037 |
_b1519, 21/02/2018, Bookwell _cTextual |
||
| 040 |
_aCRL _cCRL _bhin |
||
| 041 |
_2hin _ahin |
||
| 082 | _aV2.C, 152M4;Q7 | ||
| 100 |
_aझा, द्विजेन्द्र नारायण, संपा. _9623854 |
||
| 245 | 0 | _aप्राचीन भारत का इतिहास | |
| 246 | _aPrāchīn bhārat kā itihāsa | ||
| 260 |
_aदिल्ली _bहिंदी माध्यम कार्यान्वय निदेशालय भारत _c2017 |
||
| 300 |
_a491पृ0 _ccm. |
||
| 650 |
_aभारत-इतिहास _9156353 |
||
| 942 |
_hV2.C, 152M4;Q7 _cTEXL _2cc |
||
| 999 |
_c1014641 _d1014641 |
||